00628nam a2200193Ia 4500008004100000020001500041040001900056041001200075082002900087100002400116245005200140250005800192260003500250300002500285440004500310504001900355650003100374651002900405131103s9999 xx 000 0 und d a1851529314 aLoreto College aEnglish a704.947/DAVbLCLIB/43097 aDavidson, H.R.Ellis aViking and Norse MythologycH.R. Ellis Davidson aPublished by Hamlyn as Scandanavian Mythology in 1982 aLondonbChancellor Pressc1996 a144p, illus 28.5 cm. aLibrary of the World's Myths and Legends aIncludes index aViking and Norse Mythology aScandanavian Mythology